Les 50 plus grandes communes de Vendée, par habitants - Statistiques

Statistiques générales
  • Ce quiz a été pris 274 fois
  • Le résultat moyen est 18 sur 50
Statistiques - réponses
Place Communes Nombre d'habitants (en 2015) % Correct
1 La Roche-sur-Yon 53 578 
98%
5 Les Sables-d’Olonne 13 940 
92%
2 Challans 20 133 
88%
3 Les Herbiers 15 992 
84%
7 Fontenay-le-Comte 13 640 
77%
9 Luçon 9 394 
74%
22 Montaigu 5 180 
74%
28 Noirmoutier-en-l’Île 4 666 
68%
15 Saint-Gilles-Croix-de-Vie 7 540 
65%
10 Aizenay 9 212 
62%
14 Chantonnay 8 279 
57%
4 Olonne-sur-Mer 14 875 
57%
21 Pouzauges 5 525 
57%
12 Saint-Jean-de-Monts 8 621 
57%
8 Saint-Hilaire-de-Riez 11 222 
53%
13 Le Poiré-sur-Vie 8 414 
49%
16 Talmont-Saint-Hilaire 7 363 
42%
32 Bretignolles-sur-Mer 4 434 
39%
6 Château-d’Olonne 13 834 
39%
19 Mortagne-sur-Sèvre 5 964 
34%
25 Mouilleron-le-Captif 4 862 
32%
34 Dompierre-sur-Yon 4 227 
30%
11 Essarts-en-Bocage 8 719 
30%
27 L’Île-d’Yeu 4 771 
29%
50 Bournezeau 3 305 
27%
23 La Ferrière 5 167 
27%
20 Bellevigny 5 858 
26%
42 La Chaize-le-Vicomte 3 708 
24%
41 Saint-Fulgent 3 787 
23%
48 Les Lucs-sur-Boulogne 3 392 
22%
29 Venansault 4 652 
21%
37 Benet 4 007 
20%
33 Saint-Georges-de-Montaigu 4 248 
20%
39 Beauvoir-sur-Mer 3 947 
19%
24 Les Achards 4 925 
19%
18 Aubigny-les-Clouzeaux 6 285 
17%
43 Saint-Laurent-sur-Sèvre 3 607 
17%
26 La Garnache 4 859 
16%
46 Cugand 3 448 
15%
31 Saint-Hilaire-de-Loulay 4 493 
15%
17 Sèvremont 6 470 
15%
35 Soullans 4 220 
14%
36 Rives-de-l’Yon 4 148 
13%
45 Chavagnes-en-Paillers 3 550 
12%
40 La Bruffière 3 900 
12%
47 Commequiers 3 407 
10%
38 La Verrie 3 967 
9%
30 Le Fenouiller 4 572 
7%
49 Saint-Philbert-de-Bouaine 3 326 
6%
44 Montréverd 3 580 
3%
Aucun quiz correspondant
Distribution des résultats
% des personnes avec chaque résultat
Percentile par nombre de réponses
Votre historique - résultats
Vous n’avez pas pris ce quiz